Adoptive youth ministry : (Registro nro. 9776)

Detalles MARC
000 -LEADER
campo de control de longitud fija 03678cam a22005294i 4500
003 - IDENTIFICADOR DE NÚMERO DE CONTROL
campo de control PE-LiUPU
005 - FECHA Y HORA DE LA ÚLTIMA TRANSACCIÓN
campo de control 20250731172849.0
008 - DATOS DE LONGITUD FIJA--INFORMACIÓN GENERAL
campo de control de longitud fija 150903s2016 miu rb 001 0 eng
020 ## - NÚMERO INTERNACIONAL ESTÁNDAR DEL LIBRO
Número Internacional Estándar del Libro 0801049709
020 ## - NÚMERO INTERNACIONAL ESTÁNDAR DEL LIBRO
Número Internacional Estándar del Libro 9780801049705
035 ## - NÚMERO DE CONTROL DEL SISTEMA
Número de control de sistema (Sirsi) i9780801049705
040 ## - FUENTE DE CATALOGACIÓN
Centro catalogador/agencia de origen DLC
Lengua de catalogación spa
Normas de descripción rda
Centro/agencia transcriptor DLC
Centro/agencia modificador YDXCP
-- BTCTA
-- OCLCF
-- SPB
-- BDX
-- LNT
-- HNW
-- PE-LiUPU
049 ## - FONDOS LOCALES (OCLC)
Biblioteca depositaria PRUA
082 00 - NÚMERO DE LA CLASIFICACIÓN DECIMAL DEWEY
Número de clasificación 259.23
Cutter A2
Número de edición 23
245 00 - MENCIÓN DEL TÍTULO
Título Adoptive youth ministry :
Resto del título integrating emerging generations into the family of faith /
Mención de responsabilidad, etc. edited by Chap Clark.
264 #1 - PRODUCCIÓN, PUBLICACIÓN, DISTRIBUCIÓN, FABRICACIÓN Y COPYRIGHT
Producción, publicación, distribución, fabricación y copyright Grand Rapids, Michigan :
Nombre del de productor, editor, distribuidor, fabricante Baker Academic, a division of Baker Publishing Group,
Fecha de producción, publicación, distribución, fabricación o copyright 2016.
300 ## - DESCRIPCIÓN FÍSICA
Extensión xv, 379 páginas ;
Dimensiones 25 centímetros.
336 ## - TIPO DE CONTENIDO
Término de tipo de contenido text
Fuente rdacontent
337 ## - TIPO DE MEDIO
Nombre/término del tipo de medio unmediated
Fuente rdamedia
338 ## - TIPO DE SOPORTE
Nombre/término del tipo de soporte volume
Fuente rdacarrier
490 1# - MENCIÓN DE SERIE
Mención de serie Youth, family, and culture series
504 ## - NOTA DE BIBLIOGRAFÍA, ETC.
Nota de bibliografía, etc. Includes bibliographical references and indexes.
505 0# - NOTA DE CONTENIDO CON FORMATO
Nota de contenido con formato The strategy of adoptive youth ministry / Chap Clark -- Understanding the changing adolescent / Steven Bonner -- Welcoming wounded and broken adolescents into the family of God / Marv Penner -- Technology and adoptive youth ministry / Bradley Howell -- Screen time: a window into teens' dreams / Craig Detweiler -- Reflective youth ministry: youth ministry as critical, ongoing, communal reflection / Almeda M. Wright -- Thinking (practical) theology / Michael McEntyre -- Youth ministry, adoption, and culture / Walt Mueller -- Thinking ecclesiologically: teenagers becoming part of the church / Mark Cannister -- Thinking critically about families and youth ministry / Allen Jackson -- Thinking globally: an Asian American case study approach / David Jia Hwa Doong and Jinna Sil Lo Jin -- Thinking long term / Cheryl A. Crawford -- Adoption extended: creating a welcoming space / Pamela Erwin -- Spiritual formation: it's a matter of time / Tony Jones -- Can I ask that?: imagining a church big enough for teenagers' hard questions / Kara Powell and Brad Griffin -- A call to adoptive ministry: middle school distinctives / Heather Flies -- No church in the wild: urban and multiethnic contexts as the new frontier of youth ministry / Daniel White Hodge -- Adoptive youth ministry: a Latin American perspective / Howard Andruejol -- Adoptive leadership / Bill MacPhee -- The communication of adoption: hearing and making known / Duffy Robbins -- Teaching for adoptive ministry / Jay Sedwick -- Rethinking church strategies and structures / Steven Argue -- A call to adoption: integration of youth ministry to the church / April L. Diaz.
526 ## - NOTA DE INFORMACIÓN SOBRE EL PROGRAMA DE ESTUDIO
Nombre del programa Segunda Especialidad En Profecías Bíblicas
526 ## - NOTA DE INFORMACIÓN SOBRE EL PROGRAMA DE ESTUDIO
Nombre del programa Segunda Especialidad En Nuevo Testamento
526 ## - NOTA DE INFORMACIÓN SOBRE EL PROGRAMA DE ESTUDIO
Nombre del programa Segunda Especialidad En Antiguo Testamento
526 ## - NOTA DE INFORMACIÓN SOBRE EL PROGRAMA DE ESTUDIO
Nombre del programa Segunda Especialidad En Estudios Adventistas
526 ## - NOTA DE INFORMACIÓN SOBRE EL PROGRAMA DE ESTUDIO
Nombre del programa Doctorado en teología
526 ## - NOTA DE INFORMACIÓN SOBRE EL PROGRAMA DE ESTUDIO
Nombre del programa Maestría en teología histórica
526 ## - NOTA DE INFORMACIÓN SOBRE EL PROGRAMA DE ESTUDIO
Nombre del programa Maestría en teología bíblica
526 ## - NOTA DE INFORMACIÓN SOBRE EL PROGRAMA DE ESTUDIO
Nombre del programa Maestría en teología
526 ## - NOTA DE INFORMACIÓN SOBRE EL PROGRAMA DE ESTUDIO
Nombre del programa Maestría en misionología
526 ## - NOTA DE INFORMACIÓN SOBRE EL PROGRAMA DE ESTUDIO
Nombre del programa Maestría en liderazgo eclesiástico
526 ## - NOTA DE INFORMACIÓN SOBRE EL PROGRAMA DE ESTUDIO
Nombre del programa Teología
596 ## -
-- 1
650 24 - PUNTO DE ACCESO ADICIONAL DE MATERIA--TÉRMINO DE MATERIA
Término de materia o nombre geográfico como elemento de entrada Adopción (Teología).
650 14 - PUNTO DE ACCESO ADICIONAL DE MATERIA--TÉRMINO DE MATERIA
Término de materia o nombre geográfico como elemento de entrada Trabajo de iglesia con jóvenes.
700 1# - ENTRADA AGREGADA--NOMBRE PERSONAL
Nombre de persona Clark, Chap,
Fechas asociadas al nombre 1954- ,
Término indicativo de función/relación editor.
910 ## - DATOS DE OPCIÓN DEL USUARIO (OCLC)
Datos de opción del usuario jck
-- ebj
-- ebj
-- 20160607
942 ## - ELEMENTOS DE ENTRADA SECUNDARIOS (KOHA)
Fuente del sistema de clasificación o colocación Clasificación Decimal Dewey
Tipo de ítem Koha
949 ## - PROCESAMIENTO DE INFORMACIÓN LOCAL (OCLC)
a 259.23 A2
w DEWEY
c 1
i 73601
d 2016-6-13
e 2016-6-8
l CCODEBUL1
m BUL
n 1
p 26.13
r 0
s Y
t BOOK
u 2016-6-7
x TEOLOGIA
-- P85
0 COMPRA
o .STAFF. Colección Teología
994 ## -
-- C0
-- PEPRU
999 ## - NÚMEROS DE CONTROL DE SISTEMA (KOHA)
-- DEWEY
-- 73601
-- 2016-6-8
-- 2021-11-10
-- 5
-- CCODEBUL1
-- BUL
-- 1
-- 26.13
-- 1
-- 0
-- Y
-- BOOK
-- 2016-6-7
-- TEOLOGIA
-- P85
-- COMPRA
-- .STAFF. Colección General Teología
999 ## - NÚMEROS DE CONTROL DE SISTEMA (KOHA)
-- DEWEY
-- 77857
-- 2021-11-10
-- 4
-- CCODEBUL1
-- BUL
-- 26.13
-- 0
-- Y
-- BOOK
-- 2017-12-28
-- TEOLOGIA
-- P85
-- DONACION
-- .STAFF. Colección Teología.
980 ## - EQUIVALENCIA O REFERENCIA-CRUZADA-MENCIÓN DE SERIE--NOMBRE DE PERSONA/TÍTULO [LOCAL, CANADÁ]
ID del último usuario que modificó el registro 1
Nombre del último usuario que modificó el registro ALBERTO SANCHEZ Responsable de Automatización
Existencias
Visto por última vez Número de inventario Total de préstamos Signatura topográfica completa Código de barras Fecha del último préstamo Copia número Coste, precio de reemplazo Fecha de reemplazo Facultad Tipo de ítem Koha Nota pública Estado de pérdida Fuente del sistema de clasificación o colocación Restricciones de uso No para préstamo Colección Programa académico Biblioteca de origen Biblioteca actual Ubicación en estantería Fecha de adquisición Fuente de adquisición Coste, precio normal de compra
2025-12-02 6 1 259.23 A2 73601 2016-06-08 e1 31.13 2016-06-07   Libros físicos inventario-2023-12-13 No Perdido Clasificación Decimal Dewey No restringido Disponible para préstamos Colección General Maestría en teología Biblioteca CRAI UPeU Lima Biblioteca CRAI UPeU Lima Sala principal 2016-06-07 COMPRA 26.13
2025-12-02 5   259.23 A2 77857   e2 31.13 2017-12-28   Libros físicos inventario-2023-12-13 No Perdido Clasificación Decimal Dewey No restringido Disponible para préstamos Colección General Maestría en teología Biblioteca CRAI UPeU Lima Biblioteca CRAI UPeU Lima Sala principal 2017-12-28 DONACION 26.13